000 02353nam0a2200469 4500
001 RU\NLR\bibl\901932
005 20250614180358.0
010 _a5-87865-282-X
_bв обл.
021 _aRU
_b2005-73407
_93617
035 _a(nilc)RSL-KNO-002766210
035 _a(NLR Aleph) 000890364
090 _a1714553
_c1714553
100 _a20051111d2004 |||y0rusy50 ca
101 0 _arus
102 _aRU
105 _ac |||||||||
106 _ar
200 1 _aBaskirica
_eмоносборник избранных работ по башкироведению и тюркологии
_fТ.М. Гарипов
_gАкад. наук Респ. Башкортостан, Вост. ин-т экономики, гуманитар. наук, упр. и права
210 _aУфа
_cВосточный университет
_d2004
_gТип. изд-ва Восточный ун-т
215 _a168,[1] с.
_cпортр.
_d20
225 1 _aУченые Башкортостана
225 1 _aЯзыки Башкортостана
_fпод общ. ред. Т.М. Гарипова
_vВып. 6
300 _aНа обл. авт. не указан
300 _aНа авантит.: LXXV
320 _aБиблиогр. в конце ст. и в подстроч. примеч.
600 1 _aГарипов
_bТ.М.
_f1928 - 2022
_gТалмас Магсумович
_91383465
_3RU\NLR\auth\66267297
606 1 _aТюркские языки
_jСборники
_9928004
_3RU\NLR\auth\6622637
610 0 _aФилологические науки -- Языкознание -- Тюркские языки -- Северо-западная (кыпчагская) группа языков -- Башкирский язык -- Сборники одного автора
610 0 _aФилологические науки -- Языкознание -- Тюркские языки -- Сборники одного автора
686 _aШ163.22я44
_2rubbk
686 _aШ163я44
_2rubbk
686 _aШ163я44
686 _aШ1г(2=Баш)
700 1 _aГарипов
_bТ. М.
_gТалмас Магсумович
_4070
801 0 _aRU
_bRuMoRKP
_c20051111
_grcr
801 1 _aRU
_bRuMoRGB
_c20051111
801 2 _aRU
_bNLR
_c20060201
_grcr
852 _aNLR
_bОНЛ
_jБашк./2-4428
942 _cBOOK
980 _aNB